| 000 | 01013nam a22003497a 4500 | ||
|---|---|---|---|
| 005 | 20221019132612.0 | ||
| 008 | 150302b xxu||||| |||| 00| 0 ES d | ||
| 041 | _aeng | ||
| 082 | _a428.3 E242h | ||
| 100 |
_aEvans, Virginia _92969 |
||
| 245 | _aHotels y catering | ||
| 260 |
_aEstados Unidos _bExpress Publishing _c2011 |
||
| 505 | _aContiene disco compacto N° 691 | ||
| 650 |
_aINGLÉS - ENSEÑANZA _91244 |
||
| 650 |
_aHOTELES _91620 |
||
| 650 |
_aCATERING _93018 |
||
| 650 |
_aHOTELERÍA _96011 |
||
| 650 |
_aRESTAURANTES _91700 |
||
| 650 |
_aRESERVACIONES _96012 |
||
| 650 |
_aEVENTOS ESPECIALES _93671 |
||
| 650 |
_aVALET SERVICE _964802 |
||
| 650 |
_aFOOD SERVICE EQUIPMENT _964803 |
||
| 650 |
_aUTENSILS _964804 |
||
| 650 |
_aROOM RESERVATION _964805 |
||
| 650 |
_aHOUSEKEEPING _964806 |
||
| 650 |
_aAIRPORT TRANSFERS _964807 |
||
| 650 |
_aROOM SERVICE _964808 |
||
| 650 |
_aRESERVATIONS _964809 |
||
| 650 |
_aKITCHEN SAFETY _964637 |
||
| 650 |
_aBUSSINESS TRAVELERS _964810 |
||
| 942 | _cBK | ||
| 999 |
_c3543 _d3543 |
||